[Event "CYP-ch op"]
[Site "Nicosia"]
[Date "2022.02.12"]
[Round "4"]
[White "Theocharous, Vassilis"]
[Black "Constantinides, Andreas"]
[Result "1-0"]
[WhiteElo "1345"]
[BlackElo "1053"]
[PlyCount "57"]
[EventDate "2022.02.04"]
[EventType "swiss"]
[EventRounds "9"]
[EventCountry "CYP"]
[SourceTitle "CBM 207 Extra"]
[Source "ChessBase"]
[SourceDate "2022.05.31"]
[SourceVersion "1"]
[SourceVersionDate "2022.05.31"]
[SourceQuality "1"]

1. e4 d5 2. exd5 Qxd5 3. Nc3 Qa5 4. d4 c6 5. Nf3 Nf6 6. Ne5 Bf5 7. Bf4 e6 8. g4 Be4 9. f3 Bd5 10. Bc4 Bb4 11. Bd2 0-0 12. a3 Bxc3 13. Bxc3 Qc7 14. Bxd5 Nxd5 15. Qd2 Nd7 16. Nxd7 Qxd7 17. 0-0-0 b5 18. Bb4 Rab8 19. h4 a5 20. Bc5 Qb7 21. f4 a4 22. Bb4 Nxb4 23. Qxb4 Qc7 24. Rhf1 Rfd8 25. Rf3 Rd5 26. Qd2 c5 27. Rc3 Rxd4 28. Qxd4 Rc8 29. Rxc5 1-0